| 000 | 00542nam a22001577a 4500 | ||
|---|---|---|---|
| 003 | OSt | ||
| 005 | 20151002141148.0 | ||
| 008 | 151002b xxu||||| |||| 00| 0 eng d | ||
| 040 | _cRUA | ||
| 082 | _aAVM MEN 1995 B069 Or.1 | ||
| 100 |
_91760 _aMENG SANTEPHEAP |
||
| 245 | _aStudy of chickens' newcastle disease in kampot province, (ការសិក្សាអំពីជម្ងឺញីវកាសមាន់ នៅខេត្តកំពត) | ||
| 260 |
_aphnom penh _bRUA _c1995 |
||
| 300 |
_a65p. _bill. _c29cm. |
||
| 942 |
_2ddc _cAVM |
||
| 999 |
_c1660 _d1660 |
||